| 000 | 00632nam a2200181Ia 4500 | ||
|---|---|---|---|
| 003 | GCL | ||
| 005 | 20240530104343.0 | ||
| 008 | 140319s9999 xx 000 0 ara d | ||
| 040 |
_aGCL / _cGCL |
||
| 082 | 0 | 4 |
_a338.9 _bن هـ |
| 100 | 1 | _aنادر فرجانى | |
| 245 | 1 | 0 |
_aهدر الامكانية: بحث فى مدى تقدم الشعب العربى نحو غاياته(هدية من الاديب الجمل) / _cنادر فرجانى |
| 300 | _a128 | ||
| 490 |
_a100 قصة _v0 |
||
| 650 | 0 | 4 | _aالتنمية الصناعية |
| 650 | 0 | 4 | _aالعالم العربى - التنمية الاقتصادية |
| 942 |
_2ddc _cBK |
||
| 999 |
_c46756 _d46756 |
||